Catholic University of Zimbabwe Library
Online Public Access Catalogue
(OPAC)

Understanding Human behavior Understanding Human Behavior UU (Record no. 45057)

MARC details
000 -LEADER
fixed length control field 01358nam a22002057a 4500
008 - FIXED-LENGTH DATA ELEMENTS--GENERAL INFORMATION
fixed length control field 250306b |||||||| |||| 00| 0 eng d
020 ## - INTERNATIONAL STANDARD BOOK NUMBER
International Standard Book Number 00306233294
040 ## - CATALOGING SOURCE
Original cataloging agency CUZ
Language of cataloging eng
Transcribing agency CUZ
Modifying agency CUZ
Description conventions rda
050 ## - LIBRARY OF CONGRESS CALL NUMBER
Classification number BF121.M4MCC
100 ## - MAIN ENTRY--PERSONAL NAME
Personal name James V.McConnell
245 ## - TITLE STATEMENT
Title Understanding Human behavior Understanding Human Behavior UU
Statement of responsibility, etc. by James V. McConnell
264 ## - PRODUCTION, PUBLICATION, DISTRIBUTION, MANUFACTURE, AND COPYRIGHT NOTICE
Place of production, publication, distribution, manufacture New York
Name of producer, publisher, distributor, manufacturer CBS College
Date of production, publication, distribution, manufacture, or copyright notice 1982
300 ## - PHYSICAL DESCRIPTION
Extent extent xiv , 697 pages
650 ## - SUBJECT ADDED ENTRY--TOPICAL TERM
Topical term or geographic name entry element Attention and input Control
-- Hearing and seeing
-- biological bases of behavior
942 ## - ADDED ENTRY ELEMENTS (KOHA)
Koha item type OS Book
Item part 121.M4MCC
Call number prefix BF
336 ## - CONTENT TYPE
Content type term text
Content type code txt
337 ## - MEDIA TYPE
Media type term unmediated
Media type code n
338 ## - CARRIER TYPE
Source rdacarrier
Holdings
Withdrawn status Lost status Source of classification or shelving scheme Damaged status Not for loan Home library Current library Shelving location Date acquired Source of acquisition Cost, normal purchase price Inventory number Full call number Barcode Date last seen Cost, replacement price Price effective from Koha item type
          CUZ Harare Campus CUZ Harare Campus Reserve Shelf 07.02.2025 Donation Doc Mada 9.97 CUZ16316 BF121.M4MCC bk010720 06.03.2025 9.97 06.03.2025 RS Book
          CUZ Harare Campus CUZ Harare Campus Reserve Shelf 07.02.2025 Donation Doc Mada 9.97 CUZ16315 BF121.M4MCC bk010719 06.03.2025 9.97 06.03.2025 RS Book
          CUZ Harare Campus CUZ Harare Campus Reserve Shelf 07.02.2025 Donation Doc Mada 9.97 CUZ16314 BF121.M4MCC bk010724 06.03.2025 9.97 06.03.2025 RS Book

OPENING HOURS

Weekdays: 0815hrs - 1800hrs
Weekends:0900hrs - 1200hrs

Closed for Mass:

Mon, Thur: 1200hrs - 1300hrs
Sunday & Public Holiday’s

CALL SUPPORT

0242-570570, 0242-570169
09200664, +263 8644140602

LOCATION

18443, Cranborne Avenue, Hatfield, Harare

Other Links


©2021 | CUZ Library